Pokémon avec la plus grande Défense - A-Z - Statistiques

Statistiques générales
  • Ce quiz a été pris 85 fois
  • Le résultat moyen est 9 sur 26
Statistiques - réponses
Lettre Défense Pokémon % Correct
X 95 Xerneas
76%
Y 95 Yveltal
76%
S 200 Steelix
68%
C 230 Caratroc
60%
U 75 Ursaring
52%
Z 145 Zamazenta (Bouclier Suprême)
52%
G 180 Galeking
50%
R 200 Regirock
48%
B 168 Bastiodon
46%
A 211 Ama-Ama
42%
D 160 Deoxys (Défense)
42%
J 100 Jirachi
36%
L 130 Lugia
34%
P 152 Prédastérie
34%
O 160 Onix
30%
W 95 Wattapik
30%
Q 90 Quartermac
22%
E 140 Exagide (Forme Parade)
16%
F 140 Foretress
16%
H 118 Hippodocus
14%
K 131 Katagami
14%
T 145 Tarinorme | Tutankafer | Tutétékri
14%
V 120 Volcanion | Volcaropod
14%
N 135 Noctunoir
12%
M 143 Melmetal
10%
I 101 Ixon
6%
Aucun quiz correspondant
Distribution des résultats
% des personnes avec chaque résultat
Percentile par nombre de réponses
Votre historique - résultats
Vous n’avez pas pris ce quiz